| 000 | 00589nam a22001937a 4500 | ||
|---|---|---|---|
| 003 | NUST | ||
| 005 | 20250220114537.0 | ||
| 008 | 170928b xxu||||| |||| 00| 0 eng d | ||
| 040 | _cNUST | ||
| 082 | _a200 | ||
| 100 |
_aAhmad,Hamza _95083 |
||
| 245 |
_aAnalyzing Pakistan's fiscal policy through tax smoothing hypothesis/ _cHamza Ahmad, |
||
| 260 |
_aIslamabad; _c2014. _bS3H NUST; |
||
| 300 | _a39p | ||
| 600 |
_xMS- Economics _9127866 |
||
| 700 |
_aSupervisor: Dr. Ather Maqsood Ahmed _9127874 |
||
| 856 | _uhttp://10.250.8.41:8080/xmlui/handle/123456789/30273 | ||
| 942 |
_2ddc _cSC |
||
| 999 |
_c331448 _d331448 |
||